| 000 | 00394cam a2200157ua 4500 | ||
|---|---|---|---|
| 003 | OSt | ||
| 008 | 250415b |||||||| |||| 00| 0 eng d | ||
| 041 | _aeng | ||
| 082 |
_a624.15 _bBOW/FO |
||
| 100 |
_aBowles, Joseph E. _97396 |
||
| 245 | _aFoundations: Analysis and design / | ||
| 250 | _a3 / | ||
| 260 |
_aNew York : _bMc Graw Hill Book Company , _c1968. |
||
| 300 | _a816 ; . | ||
| 942 | _cBK | ||
| 999 |
_c1382 _d1382 |
||